[Event "WCN k.o."]
[Site "?"]
[Date "2001.??.??"]
[Round "?"]
[White "Lobron Eric"]
[Black "Mikhalevski Victor"]
[Result "1/2-1/2"]
[WhiteElo "2524"]
[BlackElo "2501"]
[PlyCount "98"]
[EventDate "2001.??.??"]
[Source "www.chesslib.no"]
[SourceDate "2004.05.04"]

1. c4 Nf6 2. Nc3 d5 3. cxd5 Nxd5 4. g3 g6 5. Bg2 Nxc3 6. bxc3 Bg7 7. Rb1 Nc6 8. h4 h5 9. Nh3 O-O 10. Ba3 Ne5 11. d3 c6 12. Ng5 Qc7 13. O-O b6 14. Qb3 Ba6 15. c4 Rab8 16. Bb2 c5 17. f4 Ng4 18. Bxg7 Kxg7 19. Qc3+ Kg8 20. Bh3 Rbd8 21. Bxg4 hxg4 22. Kh2 Bc8 23. a4 f6 24. Ne4 Bb7 25. Nf2 f5 26. a5 Kf7 27. axb6 axb6 28. Qe5 Rd6 29. e4 Qd7 30. exf5 gxf5 31. Rbe1 e6 32. Re3 Qc6 33. Rg1 Ra8 34. Re2 Rdd8 35. Rb2 Rh8 36. Re2 Rh6 37. Qe3 Rah8 38. Ra2 Ra8 39. Rxa8 Bxa8 40. Nd1 Rh8 41. Nc3 Rd8 42. Nd1 Bb7 43. Nf2 Kg6 44. Qe5 Ra8 45. h5+ Kh7 46. Qf6 Ra2 47. Qf7+ Kh8 48. Qf8+ Kh7 49. Qf7+ Kh8 1/2-1/2

[Event "Dhaka"]
[Site "Dhaka"]
[Date "1995.??.??"]
[Round "4"]
[White "Serper, Grigory"]
[Black "Sevillano, Enrico"]
[Result "1-0"]
[WhiteElo "2585"]
[BlackElo "2440"]
[PlyCount "51"]
[EventDate "1995.??.??"]
[Source "ChessBase"]

1. c4 Nf6 2. Nc3 d5 3. cxd5 Nxd5 4. g3 g6 5. Bg2 Nb6 6. d3 Bg7 7. Be3 c6 8. Qd2 h6 9. Nf3 Be6 10. O-O Na6 11. Rab1 g5 12. b4 Nc7 13. b5 Nbd5 14. Bd4 Nf6 15. bxc6 bxc6 16. Be5 Ncd5 17. Nd4 Bd7 18. Na4 O-O 19. Rfc1 Rc8 20. Rb7 a5 21. Nc5 Bg4 22. h3 Bh5 23. Nf5 Bg6 24. Nxg7 Kxg7 25. e4 Nc7 26. Qxa5 1-0

[Event "EUCup final"]
[Site "Budapest"]
[Date "1996.??.??"]
[Round "1"]
[White "Boensch, Uwe"]
[Black "Mikhalevski, Victor"]
[Result "1-0"]
[WhiteElo "2525"]
[BlackElo "2500"]
[PlyCount "109"]
[EventDate "1996.11.27"]
[Source "ChessBase"]

1. c4 Nf6 2. Nc3 d5 3. cxd5 Nxd5 4. Nf3 g6 5. Qb3 Nb6 6. d4 Bg7 7. Bg5 O-O 8. Rd1 a5 9. e3 a4 10. Qc2 Nc6 11. Be2 Bf5 12. Qc1 Nb4 13. O-O N4d5 14. Nd2 Nxc3 15. bxc3 a3 16. c4 c5 17. Nb3 Na4 18. Bf3 Qc7 19. Qxa3 Nc3 20. Qxc5 Qxc5 21. Nxc5 Nxd1 22. Rxd1 Rxa2 23. Bxb7 Rb8 24. h3 e5 25. Be4 Bxe4 26. Nxe4 exd4 27. exd4 Ra4 28. Nd6 Rba8 29. d5 Be5 30. c5 Ra1 31. Rf1 f6 32. Bh4 Bxd6 33. cxd6 Kf7 34. g4 Rxf1+ 35. Kxf1 Ra5 36. Bg3 Rxd5 37. Ke2 Ke6 38. Ke3 h5 39. Kf3 Ra5 40. Ke2 Rc5 41. Kf3 Rd5 42. Ke3 Ra5 43. Kf3 g5 44. gxh5 f5 45. h4 Ra3+ 46. Kg2 f4 47. Bh2 Kf5 48. hxg5 Kxg5 49. h6 Kg4 50. f3+ Kg5 51. d7 Ra2+ 52. Kh3 Ra8 53. Bg1 Rd8 54. h7 Rh8 55. Kg2 1-0

[Event "ISL Ch"]
[Site "Gardabaer ISL"]
[Date "1991.??.??"]
[Round "2"]
[White "Petursson, Margeir"]
[Black "Steingrimsson, Hedinn"]
[Result "1-0"]
[WhiteElo "2515"]
[BlackElo "2505"]
[PlyCount "60"]
[EventDate "1991.??.??"]
[Source "www.chesslib.no"]
[SourceDate "2004.05.04"]

1. c4 Nf6 2. Nc3 d5 3. cxd5 Nxd5 4. Nf3 g6 5. e4 Nxc3 6. bxc3 c5 7. Bb5+ Nc6 8. Ba3 Qb6 9. Rb1 a6 10. Ba4 Qa5 11. Ne5 b5 12. Nxc6 Qc7 13. Bb3 Bb7 14. Bxc5 Bxc6 15. Qe2 f5 16. Bd4 Bxe4 17. O-O e5 18. d3 exd4 19. dxe4 Qe7 20. Rfe1 O-O-O 21. Qd3 Qc5 22. cxd4 Rxd4 23. Qf3 Bh6 24. exf5 Kb8 25. f6 Rc8 26. f7 a5 27. g3 a4 28. Be6 Rcd8 29. Bh3 b4 30. Bg2 Qc7 1-0

[Event "Titograd"]
[Site "Titograd"]
[Date "1984.??.??"]
[Round "?"]
[White "Djuric, Stefan"]
[Black "Popovic, Petar"]
[Result "1/2-1/2"]
[WhiteElo "2500"]
[BlackElo "2515"]
[PlyCount "39"]
[EventDate "1984.12.??"]
[Source "ChessBase"]

1. c4 Nf6 2. Nc3 d5 3. cxd5 Nxd5 4. g3 g6 5. Bg2 Nf6 6. d4 Bg7 7. e3 O-O 8. Nge2 c6 9. O-O e5 10. h4 exd4 11. Nxd4 a5 12. b3 Na6 13. Rb1 Qe7 14. Rb2 Nc5 15. a4 Ne6 16. Nde2 Qb4 17. Na2 Qe7 18. Nac3 Qb4 19. Na2 Qe7 20. Nac3 1/2-1/2

[Event "Pardubice"]
[Site "?"]
[Date "2006.07.24"]
[Round "4"]
[White "Laznicka Viktor"]
[Black "Ushenina Anna"]
[Result "1/2-1/2"]
[WhiteElo "2602"]
[BlackElo "2410"]
[PlyCount "51"]
[EventDate "2006.??.??"]
[Source "www.chesslib.no"]
[SourceDate "2004.05.04"]

1. c4 Nf6 2. Nc3 d5 3. cxd5 Nxd5 4. g3 g6 5. Bg2 Nb6 6. d3 Bg7 7. Be3 Nc6 8. Bxc6+ bxc6 9. Qc1 Bb7 10. Bh6 Bxh6 11. Qxh6 c5 12. e4 Qd7 13. Nge2 O-O-O 14. O-O-O e5 15. f4 f6 16. Rhf1 Ba6 17. fxe5 fxe5 18. Qg5 Rhe8 19. Rf3 Re6 20. h4 Qe8 21. Qe3 Qc6 22. Qg5 Qe8 23. Qg4 Kb8 24. Kc2 Red6 25. b3 h6 26. Qh3 1/2-1/2